Poema del cid /

Guardado en:
Autor Principal: Anónimo
Formato: Libro
Publicado: Buenos Aires : Kapelusz, 1994
Materias:
Etiquetas: Agregar Etiqueta
Sin Etiquetas, Sea el primero en etiquetar este registro!
LEADER 00553nam a22002055a 4500
001 CEM.cems015664
005 20121203171919.0
008 130507s1994##################000#0#####d
003 CEMS
020 |a 9501322661 
082 0 4 |a 861.1 
100 1 |a Anónimo 
245 1 0 |a Poema del cid /  |c Anónimo 
260 |a Buenos Aires :  |b Kapelusz,  |c 1994 
300 |a 188 p. 
653 |a Literatura 
653 |a Literatura española 
653 |a Poesís Épica 
653 |a Poesía Épica española 
859 |a CEMS  |b BIB. CEMS - Agricultura  |h 861.1  |i P752-1  |p A18207.95  |t Ej.1